| 000 | 00826nam a2200241 i 4500 | ||
|---|---|---|---|
| 001 | 122661 | ||
| 003 | ES-MaACL | ||
| 005 | 20250814084554.0 | ||
| 007 | t| | ||
| 008 | 070214s1971 sp r ||||1| spa d | ||
| 245 | 0 | 0 |
_aProblemas del nuevo cine / _cPío Baldelli ... [et al.] ; selección y prólogo de Manuel Pérez Estremera ; traductor, Augusto Martínez Torres. |
| 260 |
_aMadrid : _bAlianza, _c1971. |
||
| 300 |
_a229 p. ; _c18 cm. |
||
| 490 | 1 |
_aEl libro de bolsillo. _aArte ; _v295 |
|
| 650 | 0 | 7 |
_aCine _2embne _911010 |
| 700 | 1 |
_aPérez Estremera, Manuel. _990855 |
|
| 700 | 1 |
_aMartínez Torres, Augusto. _978449 |
|
| 700 | 1 |
_aBaldelli, Pío. _924878 |
|
| 830 | 1 | 3 |
_aEl libro de bolsillo. _pArte _v295 _9182950 |
| 852 |
_aES-MaACL _jC-45991 |
||
| 852 |
_aES-MaACL _jE-7180 |
||
| 999 |
_c122661 _d122661 |
||